2024 24/ Calendrier de l'Avent Repas de Noël - Statistiques

Statistiques générales
  • Ce quiz a été pris 37 fois
  • Le résultat moyen est 10 sur 18
Statistiques - réponses
Initiale Définition Réponse % Correct
D Volaille souvent invitée pour son malheur Dinde
94%
R Le vin consommé peut avoir cette couleur Rouge
94%
E Heureusement, on ne mange pas de ce mammifère géant Eléphant
80%
N Fruit sec consommé en Provence Noix | Noisette
80%
R On consomme sa viande en Russie malgré son rôle essentiel la nuit de Noël Renne
77%
T Champignon qui peut assaisonner le boudin blanc Truffe
77%
L Crustacé de fête pour beaucoup Langouste
71%
L Ses oeufs remplacent le caviar Lompe | Lump
66%
A Fruit sec invité au dessert Amande
60%
D Peut suivre le café Digestif
60%
E Petit crustacé qui peut s'inviter Ecrevisse
60%
E Mollusque apprécié en entrée Escargot
57%
C Achève souvent le repas Café
54%
N Très sucré elle peut orner des desserts Nougatine
34%
E Petit gâteau remplacé par la buche Eclair
23%
I Le menu ne figure jamais sur celles-ci Invitations
23%
V On les achète en nombre pour les repas de fête Victuailles
9%
A Peut titrer différemment Alcool
6%
Aucun quiz correspondant
Distribution des résultats
% des personnes avec chaque résultat
Percentile par nombre de réponses
Votre historique - résultats
Vous n’avez pas pris ce quiz